00389nam a2200145Ia 450000500170000000800410001702000180005808200210007610000220009724500360011925000130015526000360016830000150020465000240021920250417140255.0231217s9999 xx 000 0 und d a9789144030869 a001.53 PED;1 R aPedrycz, Witold . 0aFuzzy control and fuzzy systems a2nd ed. c2008bOverseas PressaNew Delhi axviii, 350 aFuzzy,control,fuzzy